000 00304nam a2200133Ia 4500
005 20260328104304.0
008 260328s9999||||xx |||||||||||||| ||und||
100 _aSófocles
245 0 _aTragedias /
_cSófocles
260 _bBiblioteca Edaf
300 _a463 p.
650 _aESPAÑOL
942 _cBK
999 _c10713
_d10713